000 00235nam a2200097Ia 4500
001 983013
005 20250826220957.0
008 250824s9999 xx 000 0 und d
245 0 _aDAHİLER SINIFI
_cJACOPO OLİVİERİ
260 _bDOMİNGO
999 _c983013
_d983013